Cellular and molecular biology of metals (Record no. 11194)
[ view plain ]
| 000 -LEADER | |
|---|---|
| fixed length control field | 02537nam a2200349Ia 4500 |
| 001 - CONTROL NUMBER | |
| control field | CRC00E59971PDF |
| 003 - CONTROL NUMBER IDENTIFIER | |
| control field | BD-DhSAU |
| 005 - DATE AND TIME OF LATEST TRANSACTION | |
| control field | 20151012144300.0 |
| 006 - FIXED-LENGTH DATA ELEMENTS--ADDITIONAL MATERIAL CHARACTERISTICS | |
| fixed length control field | m|||||o||d|||||||| |
| 007 - PHYSICAL DESCRIPTION FIXED FIELD--GENERAL INFORMATION | |
| fixed length control field | cr|||| |
| 008 - FIXED-LENGTH DATA ELEMENTS--GENERAL INFORMATION | |
| fixed length control field | 091222s2010 flu sb 001 0 eng d |
| 020 ## - INTERNATIONAL STANDARD BOOK NUMBER | |
| International Standard Book Number | 9781420059984 (ebook : PDF) |
| 040 ## - CATALOGING SOURCE | |
| Original cataloging agency | BD-DhSAU |
| Transcribing agency | BD-DhSAU |
| 090 ## - LOCALLY ASSIGNED LC-TYPE CALL NUMBER (OCLC); LOCAL CALL NUMBER (OCLC) | |
| Classification number (OCLC) (R) ; Classification number, CALL (RLIN) (NR) | QP532 |
| Local cutter number (OCLC) ; Book number/undivided call number, CALL (RLIN) | .C45 2010 |
| 092 ## - LOCALLY ASSIGNED DEWEY CALL NUMBER (OCLC) | |
| Classification number | 615.9253 |
| Item number | C393 |
| 245 00 - TITLE STATEMENT | |
| Title | Cellular and molecular biology of metals |
| Medium | [electronic resource] / |
| Statement of responsibility, etc. | editors, Rudolfs K. Zalups and D. James Koropatnick. |
| 260 ## - PUBLICATION, DISTRIBUTION, ETC. (IMPRINT) | |
| Place of publication, distribution, etc. | Boca Raton, Fla. : |
| Name of publisher, distributor, etc. | CRC Press/Taylor & Francis Group, |
| Date of publication, distribution, etc. | 2010. |
| 300 ## - PHYSICAL DESCRIPTION | |
| Extent | 440 p. |
| 504 ## - BIBLIOGRAPHY, ETC. NOTE | |
| Bibliography, etc | Includes bibliographical references and index. |
| 505 0# - FORMATTED CONTENTS NOTE | |
| Formatted contents note | Cellular inorganic chemistry concepts and examples / David H. Petering ... [et al.] -- Molecular and cellular biology of mercury in the kidneys / Rudolfs K. Zalups and Christy C. Bridges -- Essential and toxic metal transport in the liver / Nazzareno Ballatori, David A. Aremu, and Michael S. Madejczyk -- Molecular and cell biology of lead / Bruce A. Fowler -- Transport and biological impact of manganese / Keith M. Erikson, Khristy J. Thompson, and Michael Aschner -- Metallothionein and metal homeostasis / James Koropatnick -- Cellular and molecular biology of iron-binding proteins / Danuta S. Kalinowski and Des R. Richardson -- The regulatory and signaling functions of zinc ions in human cellular physiology / Hajo Haase and Wolfgang Maret -- Glutathione, protein thiols, and metal homeostasis / Lawrence H. Lash -- Ionic and molecular mimicry and the transport of metals / Christy C. Bridges and Rudolfs K. Zalups -- Heavy metal transport and detoxification in crustacean gastrointestinal -- And renal epithelial cells / Gregory A. Ahearn -- Metals and cell adhesion molecules / Alan R. Parrish and Walter C. Prozialeck -- Iron metabolism and disease / Giada Sebastiani and Kostas Pantopoulos -- Metal influences on immune function / Michael A. Lynes ... [et al.]. |
| 530 ## - ADDITIONAL PHYSICAL FORM AVAILABLE NOTE | |
| Additional physical form available note | Also available in print edition. |
| 538 ## - SYSTEM DETAILS NOTE | |
| System details note | Mode of access: World Wide Web. |
| 650 #0 - SUBJECT ADDED ENTRY--TOPICAL TERM | |
| Topical term or geographic name as entry element | Metals |
| General subdivision | Physiological effect. |
| 650 #0 - SUBJECT ADDED ENTRY--TOPICAL TERM | |
| Topical term or geographic name as entry element | Metals |
| General subdivision | Metabolism. |
| 650 #0 - SUBJECT ADDED ENTRY--TOPICAL TERM | |
| Topical term or geographic name as entry element | Metals |
| General subdivision | Toxicology. |
| 650 #0 - SUBJECT ADDED ENTRY--TOPICAL TERM | |
| Topical term or geographic name as entry element | Cytochemistry. |
| 655 #7 - INDEX TERM--GENRE/FORM | |
| Genre/form data or focus term | Electronic books. |
| Source of term | lcsh |
| 700 1# - ADDED ENTRY--PERSONAL NAME | |
| Personal name | Zalups, Rudolfs K. |
| 700 1# - ADDED ENTRY--PERSONAL NAME | |
| Personal name | Koropatnick, Donald James, |
| Dates associated with a name | 1952- |
| 776 1# - ADDITIONAL PHYSICAL FORM ENTRY | |
| International Standard Book Number | 9781420059977 |
| 856 40 - ELECTRONIC LOCATION AND ACCESS | |
| Uniform Resource Identifier | <a href="http://marc.crcnetbase.com/isbn/9781420059984">http://marc.crcnetbase.com/isbn/9781420059984</a> |
| Electronic format type | application/PDF |
No items available.
